|
|
|
|
| LEADER |
00000nas a2200000 a 4500 |
| 001 |
ssj0000328088 |
| 003 |
WaSeSS |
| 005 |
20200512172242.0 |
| 006 |
m d |
| 007 |
cr n |
| 008 |
080812c20039999it ar p s 0 0ita c |
| 010 |
|
|
|a 2010252702
|
| 022 |
|
|
|a 1128-5656
|l 1128-5656
|
| 035 |
|
|
|a (WaSeSS)ssj0000328088
|
| 040 |
|
|
|a SFB
|b eng
|c SFB
|d OCLCQ
|d WAU
|d OCLCQ
|d OCLCF
|d OCLCA
|d CUS
|d OCLCO
|d OCLCQ
|d OCLCA
|d AU@
|d WaSeSS
|
| 042 |
|
|
|a pcc
|
| 043 |
|
|
|a e-it---
|
| 050 |
1 |
4 |
|a Z105
|
| 210 |
1 |
|
|a Scrineum
|b (Pavia)
|
| 222 |
|
0 |
|a Scrineum
|b (Pavia)
|
| 245 |
0 |
0 |
|a Scrineum
|h [electronic resource].
|
| 246 |
1 |
3 |
|a Scrineum rivista
|
| 260 |
|
|
|a Pavia :
|b Università di Pavia
|
| 310 |
|
|
|a Annual
|
| 362 |
1 |
|
|a Began with: 1 (2003).
|
| 506 |
|
|
|a License restrictions may limit access.
|
| 588 |
|
|
|a Description based on: 1 (2003); title from journal home page (publisher's Web site, viewed Apr. 13, 2010).
|
| 588 |
|
|
|a Latest issue consulted: 7 (2010) (publisher's Web site, viewed Apr. 13, 2010).
|
| 650 |
|
0 |
|a Manuscripts, Medieval
|z Italy
|v Periodicals.
|
| 650 |
|
0 |
|a Books and reading
|z Italy
|v Periodicals.
|
| 650 |
|
0 |
|a Written communication
|z Italy
|v Periodicals.
|
| 650 |
|
7 |
|a Books and reading.
|2 fast
|0 (OCoLC)fst00836454
|
| 650 |
|
7 |
|a Manuscripts, Medieval.
|2 fast
|0 (OCoLC)fst01008422
|
| 650 |
|
7 |
|a Written communication.
|2 fast
|0 (OCoLC)fst01181697
|
| 651 |
|
7 |
|a Italy.
|2 fast
|0 (OCoLC)fst01204565
|
| 655 |
|
0 |
|a Electronic journals.
|
| 710 |
2 |
|
|a Università di Pavia.
|
| 710 |
2 |
|
|a Firenze University Press.
|
| 856 |
4 |
0 |
|z Full text available from Research Library: 01/01/2012 to present
|u https://search.proquest.com/publication/2028926
|